| 000 | 00842nam a22002177a 4500 | ||
|---|---|---|---|
| 005 | 2008102009269.0 | ||
| 008 | 081020t xxu||||| |||| 00| 0 eng d | ||
| 010 | _aENG-84462 | ||
| 020 | _a8178842998 | ||
| 020 | _c800.00 (hb) | ||
| 035 | _aEN-67995 | ||
| 082 | _a332.041 / RED | ||
| 100 | _aReddy, Gaddam Naresh | ||
| 245 |
_aChanging pattern of capital markets in India: _ban analytical study / _cby Gaddam Naresh Reddy |
||
| 260 |
_aNew Delhi _bCyber Tech Publications _e4264/3, Ansari Road, Daryaganj, New Delhi-110002 |
||
| 260 | _c2007 | ||
| 300 |
_axix,328p _c22cm |
||
| 500 | _aIncludes bibliographical references | ||
| 942 |
_2ddc _cEN _h332.041 _mRED |
||
| 999 |
_c17770 _d17770 |
||